000
00275 a2200121 4500
001
146903
040
_c
Escola São Tomás de Aquino
100
_a
BANDEIRA, Pedro
240
1
0
_a
O patinho feio
_l
por
245
1
0
_a
O patinho feio
697
_a
*LITERATURA INFANTO
942
_c
BK
999
_c
146903
_d
146903